Risk, liability and insurance in valuation work (Record no. 114879)
[ view plain ]
| 000 -LEADER | |
|---|---|
| fixed length control field | 01137cad a22002055a 4500 |
| 001 - CONTROL NUMBER | |
| control field | L157625 |
| 008 - FIXED-LENGTH DATA ELEMENTS--GENERAL INFORMATION | |
| fixed length control field | 130205s2013 xxk f 000 0 eng d |
| 035 ## - SYSTEM CONTROL NUMBER | |
| System control number | (Sirsi) u157625 |
| 041 0# - LANGUAGE CODE | |
| Language code of text/sound track or separate title | eng |
| 110 2# - MAIN ENTRY--CORPORATE NAME | |
| Corporate name or jurisdiction name as entry element | Royal Institution of Chartered Surveyors |
| 9 (RLIN) | 4900 |
| 245 00 - TITLE STATEMENT | |
| Title | Risk, liability and insurance in valuation work |
| Medium | [electronic resource] |
| 260 ## - PUBLICATION, DISTRIBUTION, ETC. | |
| Place of publication, distribution, etc. | Coventry |
| Name of publisher, distributor, etc. | RICS |
| Date of publication, distribution, etc. | 2013 |
| 520 ## - SUMMARY, ETC. | |
| Summary, etc. | Provides guidance for chartered surveyors carrying out valuations both residential and commercial for secured lending purposes. Highlights key risks and liabilities and the impact on Professional Indemnity Insurance (PII) claims and costs. Looks at liability caps and the RICS position on valuers liabilities to third parties. |
| 520 ## - SUMMARY, ETC. | |
| Summary, etc. | Superseded by 2nd edition (ISBN 9781783212194), ARCHIVED 01/02/2018. |
| 651 #4 - SUBJECT ADDED ENTRY--GEOGRAPHIC NAME | |
| Geographic name | International |
| 690 ## - LOCAL SUBJECT ADDED ENTRY--TOPICAL TERM (OCLC, RLIN) | |
| Topical term or geographic name as entry element | Valuation |
| 9 (RLIN) | 6273 |
| 690 ## - LOCAL SUBJECT ADDED ENTRY--TOPICAL TERM (OCLC, RLIN) | |
| Topical term or geographic name as entry element | Insurance |
| 9 (RLIN) | 6249 |
| 856 40 - ELECTRONIC LOCATION AND ACCESS | |
| Uniform Resource Identifier | <a href="https://www.rics.org/Global/RICS%20Guidance%20-%20PII%20Risk,%20Liability%20and%20Insurance%20in%20Valuation%20Work,%20January%202013.pdf">https://www.rics.org/Global/RICS%20Guidance%20-%20PII%20Risk,%20Liability%20and%20Insurance%20in%20Valuation%20Work,%20January%202013.pdf</a> |
| Public note | View the item free of charge from (member-only content) at www.rics.org |
| 942 ## - ADDED ENTRY ELEMENTS (KOHA) | |
| Suppress in OPAC | 0 |
| Withdrawn status | Lost status | Source of classification or shelving scheme | Damaged status | Not for loan | Home library | Current library | Shelving location | Date acquired | Total Checkouts | Full call number | Barcode | Date last seen | Copy number | Price effective from | Koha item type |
|---|---|---|---|---|---|---|---|---|---|---|---|---|---|---|---|
| Dewey Decimal Classification | Virtual | Virtual | Online | 05/02/2013 | ONLINE PUBLICATION | 157625-2001 | 06/08/2019 | 1 | 06/08/2019 | Book |